logo

Bir Sreshtho Munshi Abdur Rouf Library
Jhenaidah Cadet College

General English for technical students / (Record no. 8868)

MARC details
000 -LEADER
fixed length control field 00576cam a22002052i 4500
001 - CONTROL NUMBER
JCCL Control Number 8868
003 - CONTROL NUMBER IDENTIFIER
JCCL marc code BD - JhCC
005 - DATE AND TIME OF LATEST TRANSACTION
control field 20180712120416.0
008 - FIXED-LENGTH DATA ELEMENTS--GENERAL INFORMATION
fixed length control field 500101s1956 xxk 000 0 eng d
035 ## - SYSTEM CONTROL NUMBER
system control number (BD - JhCC)8868
040 ## - CATALOGING SOURCE
Original cataloging agency UKM
Transcribing agency UKM
Modifying agency EQO
-- BD - JhCC
041 ## - LANGUAGE CODE
Language code of Book eng
082 ## - DEWEY DECIMAL CLASSIFICATION NUMBER
Classification number 428
DDC Edition number 18
Author mark and Year CAN 1956
100 1# - MAIN ENTRY--PERSONAL NAME
Personal name Candlin, E. Frank
Fuller form of name (Edwin Frank).
245 10 - TITLE STATEMENT
Title General English for technical students /
Statement of responsibility, etc E. Frank Candlin,
260 ## - PUBLICATION, DISTRIBUTION, ETC. (IMPRINT)
Place of publication, distribution, etc [London] :
Name of publisher, distributor, etc University of London Press,
Date of publication, distribution, etc 1956
300 ## - PHYSICAL DESCRIPTION
Pagination 199 p. :
Other physical details ill. ;
Dimensions 19 cm
942 ## - ADDED ENTRY ELEMENTS (KOHA)
Source of classification or shelving scheme Dewey Decimal Classification
Koha item type Books
Holdings
Source of classification or shelving scheme Damaged status Not for loan Home library Current library Shelving location Total Checkouts Full call number Barcode Date last seen Copy number Koha item type
Dewey Decimal Classification     JCC Rouf Library JCC Rouf Library General Stacks   428 CAN 1956 11440 03/05/2018 C - 1 Books

JCC Library | Contacts | JCC Home

Last Update on 23 September 2017
Copyright @ 2017-2020 JCC Rouf Library
Rouf Library, Jhenidah Cadet College (JCC), Bangladesh